Daňová asignácia ako zdroj financovania neziskového sektora diplomová práca

Guardado en:
Detalles Bibliográficos
Autor principal: Jakubová, Zuzana, 1994-
Autor Corporativo: Fakulta podnikového manažmentu EU. Katedra podnikových financií
Otros Autores: Lénártová, Gizela
Formato: Libro
Lenguaje:eslovaco
Publicado: Bratislava 2018
Etiquetas: Agregar Etiqueta
Sin Etiquetas, Sea el primero en etiquetar este registro!

MARC

LEADER 00000nbm a2200000 4500
001 0244595
005 20181001110858.4
041 0 |a slo 
044 |a SK 
245 1 0 |a Daňová asignácia ako zdroj financovania neziskového sektora  |b diplomová práca  |c Zuzana Jakubová ; školiteľ: Gizela Lénártová 
264 1 |a Bratislava  |c 2018 
300 |a 61 s. 
100 1 |a Jakubová, Zuzana, 1994- 
700 1 |a Lénártová, Gizela 
710 2 |a Fakulta podnikového manažmentu EU. Katedra podnikových financií